Представление документа в формате RUSMARC

ПолеНазваниеЗначение
  Тип записи a
  Библиографический уровень m
001 Контрольный номер 3a65db1a39a0456db81ac715f1a9a266
005 Дата корректировки 20140611111308.1
010 Индекс ISBN __
a ISBN 5-7054-0038-1
101 Язык документа 0_
a Язык текста rus
102 Страна публикации __
a Страна публикации RU
200 Заглавие и сведения об ответственности 1_
a Заглавие Трудовой кодекс: новые положения и практика применения
f Первые сведения об ответственности И. И. Шкловец
210 Выходные данные 1_
c Издательство Финансовая газета
a Место издания М.
d Дата издания 2006
215 Физическое описание __
a Объем 46, [2] с.
300 Общие примечания __
a Общие примечания Прил. к междунар. фин. еженедельнику " Финансовая газета "
610 Ключевые слова 0_
a Ключевые слова трудовой кодекс
610 Ключевые слова 0_
a Ключевые слова социальное партнерство
610 Ключевые слова 0_
a Ключевые слова трудовой договор
610 Ключевые слова 0_
a Ключевые слова рабочее время
610 Ключевые слова 0_
a Ключевые слова время отдыха
610 Ключевые слова 0_
a Ключевые слова оплата труда
610 Ключевые слова 0_
a Ключевые слова гарантии
610 Ключевые слова 0_
a Ключевые слова компенсации
610 Ключевые слова 0_
a Ключевые слова дисциплина
610 Ключевые слова 0_
a Ключевые слова охрана труда
610 Ключевые слова 0_
a Ключевые слова материальная ответственность
610 Ключевые слова 0_
a Ключевые слова повышение квалификации
610 Ключевые слова 0_
a Ключевые слова регулирование труда
610 Ключевые слова 0_
a Ключевые слова трудовые споры
686 Индексы других классификаций __
a Классификационный индекс 67.627
2 Код системы rubbk
700 Автор _1
a Фамилия Шкловец
b Имя И. И.
g Полное личное имя Иван Иванович
801 Источник записи _0
a Страна RU
b Организация РУК
c Дата составления 20061215
g Правила каталогизации PSBO
801 Источник записи _1
a Страна RU
b Организация РУК
c Дата составления 20061215
g Правила каталогизации PSBO
852 Данные о местонахождении __
j Шифр хранения ББК 67
i Авторский знак Ш 66
901 Тип документа __
t Тип документа m
938 Служебная информация __
a Название организации Головной вуз
b Имя БД BOOK
c Название АИБС АИБС ИРБИС